| 000 | 00440nam a2200181Ia 4500 | ||
|---|---|---|---|
| 001 | 29256 | ||
| 008 | 140415s9999 xx 000 0 und d | ||
| 020 | _a81-312-0136-8 | ||
| 040 | _cPK-LaUMT | ||
| 082 |
_a 621.3815 _bBIR-E |
||
| 100 | _aJohn Bird | ||
| 245 |
_aElectrical circuit theory and technology _a2nd |
||
| 260 |
_aBoston,USA: _bNewnes, _c2006 |
||
| 300 | _a984 p. | ||
| 546 | _aEN | ||
| 650 | _aElectric circuits | ||
| 942 | _cBK | ||
| 999 |
_c29328 _d29328 |
||